000 01011mam a2200337 a 4500
001 2427550
003 ARRUPE
005 20150120142635.0
008 000104s1999 enka b 001 0 eng c
015 _aGB99-W6561
020 _a0198505191
035 _a(OCoLC)42004757
035 _a(OCoLC)ocm42004757
035 _a(NNC)2427550
040 _aUKM
_cUKM
_dIXA
_dEYM
042 _apcc
050 4 _aN71
_b.Z45 1999
082 0 4 _a612.8
_221
100 1 _aZeki, Semir.
_914378
245 1 0 _aInner vision :
_ban exploration of art and the brain /
_cSemir Zeki.
260 _aOxford ;
_aNew York :
_bOxford University Press,
_cc1999.
300 _ax, 224 p. :
_bill. (some col.) ;
_c24 cm.
504 _aIncludes bibliographical references and index.
650 0 _aArt
_xPsychology.
_914379
650 0 _aVisual perception.
_914380
650 0 _aArt
_xStudy and teaching.
_914381
650 0 _aVisual cortex.
_914382
650 0 _aBrain
_xPhysiology.
_914383
942 _2lcc
_cMONOGRAPH
999 _c121812
_d121812